Visualizzazione normale
Vista MARC
- Riva C.
di Personal Name
Records bibliografici associati: 1
001 - CONTROL NUMBER
- control field: 57400
003 - CONTROL NUMBER IDENTIFIER
- control field:
005 - DATE AND TIME OF LATEST TRANSACTION
- control field: 20181012170646.0
008 - FIXED-LENGTH DATA ELEMENTS
- fixed length control field: 181012|| aca||aabn | a|a d
040 ## - CATALOGING SOURCE
- Original cataloging agency:
- Transcribing agency:
100 ## - HEADING--PERSONAL NAME
- Personal name: Riva C.
670 ## - SOURCE DATA FOUND
- Source citation: Work cat.: (): Brunelli Annalisa, Di Pasquale Giovanna (a cura di) 57399, Da gioco nasce gioco. Gioco, disabilità, inclusione, 2016